| 000 | 01034nam a2200265 c 4500 | ||
|---|---|---|---|
| 003 | BLK | ||
| 005 | 20180421000530.0 | ||
| 008 | 180411b bul|||||r ||||||| ||bul|| | ||
| 010 | _aKNG00197792000 | ||
| 040 | _aBLK | ||
| 041 |
_aBUL _cBUL |
||
| 080 |
_aБългарска литература _b821.163.2 _x(081)-1 _z821.163.2(081)-1 |
||
| 100 | 1 |
_aЧернишев, Славчо Иванов _eпърви автор _9141514 |
|
| 139 |
_aЧернишев, Славчо Иванов _bЧ 71 |
||
| 245 | 1 | 0 |
_aИзбрани произведения : В 2 т. _bТ. 1 - _cСлавчо Иванов Чернишев. _nТ. 1 _pСтихове |
| 257 | _aBGR | ||
| 260 |
_аСофия _bБълг. писател _c1984 - |
||
| 380 | _aX | ||
| 760 | 1 |
_aЧернишев, Славчо Иванов _d1984 _h191 с., 1 л. : портр. _tТ. 1 Стихове |
|
| 852 | _aЦб 128165 | ||
| 856 | 4 |
_qpdf _u |
|
| 856 | 4 |
_qpdf _u |
|
| 942 |
_cKNG _n0 |
||
| 944 |
_aCR _c09.12.2016 _kСтанимира_Цанева |
||
| 944 |
_aED _c09.12.2016 _kСтанимира_Цанева |
||
| 999 |
_c188773 _d188773 |
||